000 00925nam a2200229 a 4500
008
020 _a0852987218 (pbk.)
049 _aMAIN
090 _aTL240 INT
100 1 _aAutomative power systems- environment and conservation :
_d(1990 Sept. 10-12 :
_cChester College, Chester)
245 1 0 _aProceedings of the Institution of mechanical engineering :
_binternational conference on automotive power systems- environment and conversation /
_csponsored by The Automobile Division of the Institution of Mechanical Engineers.
260 _aSuffolk :
_bMechanical engineering,
_c1990.
300 _a288 p. :
_bill. ;
_c29 cm.
504 _aIncludes bibliographical references.
500 _aIncludes index.
650 1 _aMechanical engineering.
907 _a.b10232163
_b21-04-08
_c15-02-07
003
005 20230123134359.0
040 _cNUST
942 _cBOOKS
_kTL240 INT
999 _c164928
_d164928